Lý thuyết thí nghiệm mô hình công trình thủy
Gardado en:
| Autor Principal: | |
|---|---|
| Formato: | Libro |
| Idioma: | Undetermined |
| Những chủ đề: | |
| Acceso en liña: | http://lrc.tdmu.edu.vn/opac/search/detail.asp?aID=2&ID=14062 |
| Các nhãn: |
Engadir etiqueta
Sen Etiquetas, Sexa o primeiro en etiquetar este rexistro!
|
| Thư viện lưu trữ: | Trung tâm Học liệu Trường Đại học Thủ Dầu Một |
|---|
| LEADER | 00552nam a2200133Ia 4500 | ||
|---|---|---|---|
| 001 | TDMU_14062 | ||
| 008 | 210410s9999 xx 000 0 und d | ||
| 082 | |a NULL | ||
| 100 | |a Lương Phương Hậu | ||
| 245 | 0 | |a Lý thuyết thí nghiệm mô hình công trình thủy | |
| 245 | 0 | |c Lương Phương Hậu | |
| 650 | |a Xây dựng ; Công trình xây dựng |x Công trình thủy | ||
| 856 | |u http://lrc.tdmu.edu.vn/opac/search/detail.asp?aID=2&ID=14062 | ||
| 980 | |a Trung tâm Học liệu Trường Đại học Thủ Dầu Một | ||